Datum a čas kvízu

27.5 Celkem bodů Celkový počet nahraných bodů na tomto kvízu bez doplňovacích otázek.
10. Pořadí na kvízu Konečné umístění týmu na tomto kvízu.

Zaznamenané odpovědi

# Otázka Odpověď Body Výsledky
1. Vatikán minulé pondělí oznámil... Stanislav Přibyl 0
2. Jeden americký stát zasáhla vl... Florida 1
3. V noci z neděle na pondělí byl... Bad Bunny; Kendrick Lamar 0.5
4. Do aukční historie se nově zap... Rembrandt (Harmenszoon van Rijn) 1
5. Přestože oficiální zahájení ol... v curlingu 1
6. 17. února 1600 byl na Campo de... Giordano Bruno 0
7. 8. února 1700 se narodil Danie... A) proudění tekutin 0
8. Za kulatý letopočet budeme dne... Burgtheater 0
9. 19. března 1900 se v Paříži na... Frédéric Joliot-Curie 0
10. Od 15. září do 1. října 2000 s... Jan Železný; Sydney 0.5